London's office space is most expensive (Record no. 69419)
[ view plain ]
| 000 -LEADER | |
|---|---|
| fixed length control field | 01131cam a2200229 4500 |
| 001 - CONTROL NUMBER | |
| control field | WB3804-05 |
| 008 - FIXED-LENGTH DATA ELEMENTS--GENERAL INFORMATION | |
| fixed length control field | 020131n2002 000 0 eng u |
| 035 ## - SYSTEM CONTROL NUMBER | |
| System control number | (Sirsi) u116576 |
| 245 ## - TITLE STATEMENT | |
| Title | London's office space is most expensive |
| 260 ## - PUBLICATION, DISTRIBUTION, ETC. | |
| Date of publication, distribution, etc. | 2002 |
| 490 ## - SERIES STATEMENT | |
| Series statement | King Sturge Press Release |
| Volume/sequential designation | 25 January 2002 (1) |
| 520 ## - SUMMARY, ETC. | |
| Summary, etc. | A report from King Sturge claims that offices in London's West End are still the most expensive to occupy in the world. The "Global Industrial and Office Rents Survey" shows that although occupational costs fell 9% in the past six months, prime space still costs $145.98 per sq ft (£102.50 per sq ft). Hong Kong has the second most expensive office space at $122.33 (£85.80) per sq ft. The cheapest office locations of the 58 surveyed were Lille, Strasbourg and Kuala Lumpur. King Sturge web site: http://www.kingsturge.co.uk |
| 590 ## - LOCAL NOTE (RLIN) | |
| Local note | WB |
| 650 ## - SUBJECT ADDED ENTRY--TOPICAL TERM | |
| Topical term or geographic name entry element | OFFICE LOCATIONS |
| 650 ## - SUBJECT ADDED ENTRY--TOPICAL TERM | |
| Topical term or geographic name entry element | OFFICE SPACE |
| 650 ## - SUBJECT ADDED ENTRY--TOPICAL TERM | |
| Topical term or geographic name entry element | KING STURGE |
| 650 ## - SUBJECT ADDED ENTRY--TOPICAL TERM | |
| Topical term or geographic name entry element | OFFICE RENTS |
| 650 ## - SUBJECT ADDED ENTRY--TOPICAL TERM | |
| Topical term or geographic name entry element | INDUSTRIAL RENTS |
| 650 ## - SUBJECT ADDED ENTRY--TOPICAL TERM | |
| Topical term or geographic name entry element | LONDON |
| 690 ## - LOCAL SUBJECT ADDED ENTRY--TOPICAL TERM (OCLC, RLIN) | |
| Topical term or geographic name as entry element | PROPERTY-COMMERCIAL PROPERTY-COMMERCIAL PROPERTY MARKET |
| 942 ## - ADDED ENTRY ELEMENTS (KOHA) | |
| Suppress in OPAC | 0 |
| Withdrawn status | Lost status | Source of classification or shelving scheme | Damaged status | Not for loan | Home library | Current library | Shelving location | Date acquired | Total Checkouts | Full call number | Barcode | Date last seen | Copy number | Price effective from | Koha item type |
|---|---|---|---|---|---|---|---|---|---|---|---|---|---|---|---|
| Dewey Decimal Classification | London | London | News article | 31/01/2002 | WB3804-05 | 116576-1001 | 06/08/2019 | 1 | 06/08/2019 | News article |